| 000 | 01578nam a2200385 a 4500 | ||
|---|---|---|---|
| 001 | ebr10234816 | ||
| 003 | CaPaEBR | ||
| 006 | m u | ||
| 007 | cr cn||||||||| | ||
| 008 | 060915s2006 ne sb 001 0deng d | ||
| 010 | _z 2006051654 | ||
| 020 | _z9004153969 (hardback : alk. paper) | ||
| 020 | _z9789004153967 (hardback : alk. paper) | ||
| 020 | _z9789047411024 | ||
| 040 |
_aCaPaEBR _cCaPaEBR |
||
| 035 | _a(OCoLC)568194002 | ||
| 050 | 1 | 4 |
_aR126.H7 _bA1 2006eb |
| 082 | 0 | 4 |
_a610.938 _222 |
| 245 | 0 | 0 |
_aTwo Hippocratic treatises on sight and on anatomy _h[electronic resource] / _cedited and translated with introduction and commentary by Elizabeth M. Craik. |
| 260 |
_aLeiden ; _aBoston : _bBrill, _c2006. |
||
| 300 | _aviii, 183 p. | ||
| 490 | 1 |
_aStudies in ancient medicine, _x0925-1421 ; _vv. 33 |
|
| 504 | _aIncludes bibliographical references and indexes. | ||
| 505 | 0 | _apt. I. On sight -- pt. II. On anatomy. | |
| 533 |
_aElectronic reproduction. _bPalo Alto, Calif. : _cebrary, _d2013. _nAvailable via World Wide Web. _nAccess may be limited to ebrary affiliated libraries. |
||
| 600 | 0 | 0 | _aHippocrates. |
| 650 | 0 | _aMedicine, Greek and Roman. | |
| 650 | 0 |
_aVision disorders _vEarly works to 1800. |
|
| 650 | 0 |
_aHuman anatomy _vEarly works to 1800. |
|
| 655 | 7 |
_aElectronic books. _2local |
|
| 700 | 1 | _aCraik, Elizabeth M. | |
| 710 | 2 | _aebrary, Inc. | |
| 830 | 0 |
_aStudies in ancient medicine ; _vv. 33. |
|
| 856 | 4 | 0 |
_uhttp://site.ebrary.com/lib/rucke/Doc?id=10234816 _zAn electronic book accessible through the World Wide Web; click to view |
| 999 |
_c38336 _d38336 |
||